Datum a čas kvízu
26
Celkem bodů
Celkový počet nahraných bodů na tomto kvízu bez doplňovacích otázek.
10.
Pořadí na kvízu
Konečné umístění týmu na tomto kvízu.
Zaznamenané odpovědi
| # | Otázka | Odpověď | Body | Výsledky |
|---|---|---|---|---|
| 1. | Generálním ředitelem Úřadu prá... | (Roman) Chlopčík | 0 | |
| 2. | Koho si vybral Kim Čong-un jak... | A | 1 | |
| 3. | Ve čtvrtek vyšel trailer na no... | bude černobílá | 0 | |
| 4. | V pondělí byl vládou zrušen od... | NERV (Národní ekonomická rada vlády) | 0 | |
| 5. | Fanoušek Manchesteru United, F... | C) ostříhat si vlasy | 0 | |
| 6. | Hned v úvodu bod rozdělíme: za... | Ulánbátar; Altaj | 0.5 | |
| 7. | Z následujících možností vyber... | A | 0 | |
| 8. | Jak se jmenuje hudební skupina... | The Hu | 1 | |
| 9. | Tato obydlí se v Mongolsku ozn... | jurta | 1 | |
| 10. | Jak se jmenuje česká spisovate... | Petra Hůlová | 1 |